| Tag |
First Indicator |
Second Indicator |
Subfields |
| LEADER |
00000cam a2200000 4500 |
| 001 |
in00000702621 |
| 005 |
20151016052831.0 |
| 008 |
720112s1926 mauf b 00010 eng |
| 010 |
|
|
|a 26012385
|
| 035 |
|
|
|a (OCoLC)00203526
|
| 035 |
|
|
|9 ADB8282AM
|
| 040 |
|
|
|c KSU
|d TXA
|d UtOrBLW
|
| 049 |
|
|
|a TXAM
|c [155733]
|
| 050 |
|
0 |
|a PA4236
|b .A7
|
| 092 |
|
|
|a 888
|b L937Ya
|
| 100 |
1 |
|
|a Allinson, Francis Greenleaf,
|d 1856-1931.
|
| 245 |
1 |
0 |
|a Lucian, satirist and artist /
|c by Francis G. Allinson.
|
| 264 |
|
1 |
|a Boston, Mass. :
|b Marshall Jones company,
|c [1926]
|
| 264 |
|
4 |
|c [©1926]
|
| 300 |
|
|
|a ix, 204 pages :
|b frontispiece, plate ;
|c 19 cm.
|
| 336 |
|
|
|a text
|b txt
|2 rdacontent
|
| 337 |
|
|
|a unmediated
|b n
|2 rdamedia
|
| 338 |
|
|
|a volume
|b nc
|2 rdacarrier
|
| 490 |
1 |
|
|a Our debt to Greece and Rome
|
| 504 |
|
|
|a "Condensed bibliography": pages 203-204.
|
| 600 |
0 |
0 |
|a Lucian,
|c of Samosata.
|
| 830 |
|
0 |
|a Our debt to Greece and Rome.
|
| 999 |
|
|
|a MARS
|
| 999 |
f |
f |
|s 74c4b97b-2f3a-3a02-a235-e9d7fbb6f78a
|i c29db22d-3dc9-3a26-a0f5-424afb4d0df6
|t 0
|
| 952 |
f |
f |
|p ric
|a Texas A&M University
|b Rellis Campus
|c Joint Library Facility
|s JLF
|d Remote Storage
|t 0
|e PA4236 .A7
|h Library of Congress classification
|i unmediated -- volume
|m A14833066812
|
| 998 |
f |
f |
|a PA4236 .A7
|t 0
|l Remote Storage
|